000 01339nam a2200337 i 4500
003 CO-BoRNBP
005 20220316235548.0
007 ta
008 200326s2003 sp gr 000 0 spa d
020 _a8433012584
040 _aCO-BoRNBP
_bspa
_erda
_cCO-BoRNBP
041 0 _aspa
082 0 4 _a370.117
_bS14p
100 1 _aSales Ciges, Auxiliadora
_dautora
245 1 0 _aProgramas de educación intercultural
_cAuxiliadora Sales Ciges, Rafaela García López
250 _aSegunda edición
264 1 _aSevilla, España
_bDesclee de Brouwer
_c2003
300 _a152 páginas
_c21 cm
336 _atexto
_btxt
_2rdacontent
337 _asin mediación
_bn
_2rdamedia
338 _avolumen
_bnc
_2rdacarrier
490 0 _aAprender a ser
504 _aIncluye referencias bibliográficas
505 2 _tEl fenómeno multicultural
_tOrigen y fundamentos ideológicos
_tEl concepto de educación intercultural
_tPolíticas, modelos y programas interculturales
_tLa formación de aptitudes desde el modelo intercultural
_tLa formación intercultural del profesora
650 1 7 _aEducación intercultural
_2ARMARC
650 1 7 _aEducación intercultural
_xMetodología
_2ARMARC
650 1 7 _aEducación y estado
_2ARMARC
650 1 7 _aPlanificación educativa
_2ARMARC
700 1 _aGarcía López, Rafaela
_eauxiliar
_932982
942 _2loc
_cBK
999 _c1373
_d1373